| 000 | 01241njm a2200277Ia 4500 | ||
|---|---|---|---|
| 001 | 24234 | ||
| 003 | IT-RoPAU | ||
| 005 | 20220918181133.0 | ||
| 008 | 131025s9999 xx 000 0 und d | ||
| 040 | _aIT-RoPAU | ||
| 040 | _cIT-RoPAU | ||
| 999 |
_c100764 _d100764 |
||
| 999 | _bn.d. | ||
| 100 |
_aMozart Wolfgang Amadeus _91525 |
||
| 100 |
_eAutore musica _99668 |
||
| 100 |
_gCodice autore musica SPICS: 3486 _91527 |
||
| 245 | _aBach trascritto da Mozart-Preludi e fughe per trio d'archi K. 404 A | ||
| 250 | _a1a ed. | ||
| 260 | _aVARESE | ||
| 260 |
_bARION - DUCALE _c1975 [1a Ed.:1975 - Ed. Lingua Orig.: 1782] |
||
| 300 | _aDISCO | ||
| 300 | _c46 minuti (Testo: pag.) | ||
| 500 | _aMusica classica. | ||
| 505 | _aSei fughe a tre voci (precedute da sei adagi, di cui 4 di Mozart e due di Bach) trascritte per violino, viola e violoncello K. 404 in fa minore - Preludio (adagio) - Fuga (allegro) da "L'arte della fuga" di J.S. Bach contrapunctus in fa maggiore - Da "Il clavicembalo ben temperato vol. 2 N. 13 in fa maggiore - Dalla "Trisonata" n. 3 per organo di Bach in sol minore - Dalla "Trisonata" n. 2 per organo di Bach per violino, viola, violoncello. | ||
| 650 |
_aCLASSICA [DISCHI] _eCodice MATERIA SPICS: 9950 _91157 |
||
| 942 |
_cMD _2ddc |
||